Note to self: Inspiring Words From Inspiring People (Record no. 24817)
[ view plain ]
| 000 -LEADER | |
|---|---|
| fixed length control field | 00599nam a22002057a 4500 |
| 003 - CONTROL NUMBER IDENTIFIER | |
| control field | OSt |
| 005 - DATE AND TIME OF LATEST TRANSACTION | |
| control field | 20260618152230.0 |
| 008 - FIXED-LENGTH DATA ELEMENTS--GENERAL INFORMATION | |
| fixed length control field | 260618b |||||||| |||| 00| 0 eng d |
| 020 ## - INTERNATIONAL STANDARD BOOK NUMBER | |
| Terms of availability | 9781982102081 |
| 040 ## - CATALOGING SOURCE | |
| Transcribing agency | Chuka University Library |
| 050 ## - LIBRARY OF CONGRESS CALL NUMBER | |
| Classification number | BF 637 .K56 2018 |
| 100 ## - MAIN ENTRY--PERSONAL NAME | |
| Personal name | King Gayle |
| 9 (RLIN) | 30267 |
| 245 ## - TITLE STATEMENT | |
| Title | Note to self: Inspiring Words From Inspiring People |
| 260 ## - PUBLICATION, DISTRIBUTION, ETC. | |
| Place of publication, distribution, etc. | New York |
| Name of publisher, distributor, etc. | Simon & Schuster |
| Date of publication, distribution, etc. | 2018 |
| 300 ## - PHYSICAL DESCRIPTION | |
| Extent | vii198pp |
| Other physical details | Illustrations |
| 650 ## - SUBJECT ADDED ENTRY--TOPICAL TERM | |
| Topical term or geographic name entry element | Conduct of life |
| 9 (RLIN) | 21596 |
| 650 ## - SUBJECT ADDED ENTRY--TOPICAL TERM | |
| Topical term or geographic name entry element | Self realization |
| 9 (RLIN) | 11403 |
| 700 ## - ADDED ENTRY--PERSONAL NAME | |
| Personal name | Paige King(Editor) |
| 9 (RLIN) | 30268 |
| 942 ## - ADDED ENTRY ELEMENTS (KOHA) | |
| Source of classification or shelving scheme | Library of Congress Classification |
| Koha item type | Long Loan Books |
| Suppress in OPAC | No |
| Withdrawn status | Lost status | Source of classification or shelving scheme | Damaged status | Not for loan | Collection | Home library | Current library | Shelving location | Date acquired | Source of acquisition | Cost, normal purchase price | Total Checkouts | Full call number | Barcode | Date last seen | Copy number | Price effective from | Koha item type |
|---|---|---|---|---|---|---|---|---|---|---|---|---|---|---|---|---|---|---|
| Library of Congress Classification | General Collection Books | Main Campus Library | Main Campus Library | General Stacks | 18/06/2026 | Donations from Books for Africa | 580.50 | BF 637 .K56 2018 | 35459/2026 | 18/06/2026 | 4 | 18/06/2026 | Long Loan Books | |||||
| Library of Congress Classification | General Collection Books | Main Campus Library | Main Campus Library | General Stacks | 18/06/2026 | Donations from Books for Africa | 580.50 | BF 637 .K56 2018 | 35458/2026 | 18/06/2026 | 3 | 18/06/2026 | Long Loan Books | |||||
| Library of Congress Classification | General Collection Books | Main Campus Library | Main Campus Library | General Stacks | 18/06/2026 | Donations from Books for Africa | 580.50 | BF 637 .K56 2018 | 35456/2026 | 18/06/2026 | 9 | 18/06/2026 | Long Loan Books | |||||
| Library of Congress Classification | General Collection Books | Main Campus Library | Main Campus Library | General Stacks | 18/06/2026 | Donations from Books for Africa | 580.50 | BF 637 .K56 2018 | 35455/2026 | 18/06/2026 | 8 | 18/06/2026 | Long Loan Books | |||||
| Library of Congress Classification | General Collection Books | Main Campus Library | Main Campus Library | General Stacks | 18/06/2026 | Donations from Books for Africa | 580.50 | BF 637 .K56 2018 | 35454/2026 | 18/06/2026 | 7 | 18/06/2026 | Long Loan Books | |||||
| Library of Congress Classification | General Collection Books | Main Campus Library | Main Campus Library | General Stacks | 18/06/2026 | Donations from Books for Africa | 580.50 | BF 637 .K56 2018 | 35461/2026 | 18/06/2026 | 6 | 18/06/2026 | Long Loan Books | |||||
| Library of Congress Classification | General Collection Books | Main Campus Library | Main Campus Library | General Stacks | 18/06/2026 | Donations from Books for Africa | 580.50 | BF 637 .K56 2018 | 35462/2026 | 18/06/2026 | 2 | 18/06/2026 | Long Loan Books | |||||
| Library of Congress Classification | General Collection Books | Main Campus Library | Main Campus Library | General Stacks | 18/06/2026 | Donations from Books for Africa | 580.50 | BF 637 .K56 2018 | 35463/2026 | 18/06/2026 | 1 | 18/06/2026 | Long Loan Books | |||||
| Library of Congress Classification | General Collection Books | Main Campus Library | Main Campus Library | General Stacks | 18/06/2026 | Donations from Books for Africa | 580.50 | BF 637 .K56 2018 | 35457/2026 | 18/06/2026 | 10 | 18/06/2026 | Long Loan Books | |||||
| Library of Congress Classification | General Collection Books | Main Campus Library | Main Campus Library | General Stacks | 18/06/2026 | Donations from Books for Africa | 580.50 | BF 637 .K56 2018 | 35460/2026 | 18/06/2026 | 5 | 18/06/2026 | Long Loan Books |
